Soviet foreign policy after Stalin

שמור ב:
מידע ביבליוגרפי
מחבר ראשי: Dallin, David J.
פורמט: ספר
שפה:Undetermined
יצא לאור: London Methuen & Co Ltd 1960
נושאים:
תגים: הוספת תג
אין תגיות, היה/י הראשונ/ה לתייג את הרשומה!
Thư viện lưu trữ: Trung tâm Học liệu Trường Đại học Cần Thơ
LEADER 00535nam a2200205Ia 4500
001 CTU_86112
008 210402s9999 xx 000 0 und d
082 |a 327.47 
082 |b D147 
100 |a Dallin, David J. 
245 0 |a Soviet foreign policy after Stalin 
245 0 |c David J. Dallin 
260 |a London 
260 |b Methuen & Co Ltd 
260 |c 1960 
650 |a Soviet Union 
650 |x Foreign relations 
650 |y 1953-1975 
904 |i Nguyên 
980 |a Trung tâm Học liệu Trường Đại học Cần Thơ